Word Chain - Greece - Statistics

General Stats
  • This quiz has been taken 226 times
    204 since last reset
  • The average score is 11 of 20
Answer Stats
Hint Answer % Correct
Goddess of Victory; inspired the name of a shoe company Nike
90%
Ancient games invented in Greece and brought back in modern times Olympic
88%
Branch of Christianity most Greeks belong to Orthodox
84%
Second largest city Thessaloniki
84%
One of the 7 ancient wonders, found in Rhodes Colossus
81%
Father of geometry Euclid
78%
Prefix meaning stranger or foreigner but often used for aliens Xeno
76%
Greek word meaning "I", one of the three constructs in Freud's model of the psyche Ego
75%
Sea to the west Ionian
75%
Former currency Drachma
72%
Shipping magnate who married Jackie Kennedy Onassis
67%
Touristy island that was the site of one of the largest volcanic eruptions Santorini
57%
Famous paradox involving what of Theseus' Ship
40%
Philosophy founded by Zeno which focuses on logic and self-control Stoicism
39%
Ferryman of the Greek underworld Charon
37%
Athens football club founded by refugees from Constantinople AEK
33%
City with the most Greeks outside Greece and Cyprus Melbourne
28%
Variety of Greek spoken by the Greek diaspora living near the Black Sea Pontic
20%
Prime minister as of 2025 Kyriakos
9%
Naval battle of the Greek revolution.Last ever major naval battle entirely fought with sailing ships Navarino
7%
No matching quizzes found
Score Distribution
Percent of People with Each Score
Percentile by Number Answered
Your Score History
You have not taken this quiz since the last reset